000 00457nam a2200169Ia 4500
008 240428s9999||||xx |||||||||||||| ||und||
020 _a0521470285
041 _aeng
082 _a321.8043W
100 _aWarwick, Paul V.
245 0 _aGovernment Survival in Parliamentary Democracies
260 _bCambridge University Press
_aNew York, NY
_c1994
300 _axii, 182p: graphs: tabs;
650 _aCabinet System- Europe
942 _cBK
999 _c216
_d216